All Kenny Chesney Songs - Statistics

General Stats
  • This quiz has been taken 139 times
  • The average score is 35 of 235
Answer Stats
Album Song % Correct
When the Sun Goes Down When the Sun Goes Down
80%
The Big Revival American Kids
67%
Here and Now Here and Now
59%
When the Sun Goes Down I Go Back
59%
Everywhere We Go She Thinks My Tractor's Sexy
57%
No Shoes, No Shirt, No Problems No Shoes, No Shirt, No Problems
54%
Hemingway's Whiskey The Boys of Fall
52%
Songs for the Saints Get Along
50%
The Road and the Radio Beer in Mexico
48%
When the Sun Goes Down There Goes My Life
48%
Cosmic Hallelujah All the Pretty Girls
43%
Hemingway's Whiskey Hemingway's Whiskey
43%
All I Need to Know Me and You
43%
When the Sun Goes Down Old Blue Chair
43%
Life on a Rock Pirate Flag
43%
Lucky Old Sun The Life
43%
Just Who I Am: Poets & Pirates Don't Blink
41%
The Road and the Radio Summertime
41%
Hemingway's Whiskey You and Tequila
41%
No Shoes, No Shirt, No Problems Young
41%
No Shoes, No Shirt, No Problems The Good Stuff
39%
All I Need to Know All I Need to Know
37%
Welcome to the Fishbowl Come Over
37%
Everywhere We Go How Forever Feels
37%
I Will Stand I Will Stand
37%
The Big Revival The Big Revival
37%
Life on a Rock Life on a Rock
35%
All I Want for Christmas Is a Real Good Tan All I Want for Christmas Is a Real Good Tan
33%
In My Wildest Dreams In My Wildest Dreams
33%
When the Sun Goes Down Keg in the Closet
33%
Greatest Hits II Out Last Night
33%
The Big Revival Save It for a Rainy Day
33%
I Will Stand She's Got It All
33%
The Road and the Radio The Road and the Radio
33%
Be as You Are Be as You Are
30%
No Shoes, No Shirt, No Problems Big Star
30%
Be as You Are Guitars and Tiki Bars
30%
Just Who I Am: Poets & Pirates Shiftwork
30%
When the Sun Goes Down Anything but Mine
28%
Be as You Are Boston
28%
Greatest Hits Don't Happen Twice
28%
Just Who I Am: Poets & Pirates Never Wanted Nothing More
28%
Cosmic Hallelujah Setting the World on Fire
28%
Cosmic Hallelujah Trip Around the Sun
28%
The Road and the Radio Living in Fast Forward
26%
Cosmic Hallelujah Noise
26%
Songs for the Saints Songs for the Saints
26%
Welcome to the Fishbowl Welcome to the Fishbowl
26%
Everywhere We Go Everywhere We Go
24%
The Big Revival Flora-Bama
24%
In My Wildest Dreams The Tin Man
24%
Me and You Back Where I Come From
22%
Be as You Are Key Lime Pie
22%
No Shoes, No Shirt, No Problems On the Coast of Somewhere Beautiful
22%
When the Sun Goes Down The Woman with You
22%
The Big Revival Til It's Gone
22%
Cosmic Hallelujah Bar at the End of the World
20%
Lucky Old Sun Down the Road
20%
Lucky Old Sun Everybody Wants to Go to Heaven
20%
Here and Now Guys Named Captain
20%
Hemingway's Whiskey Reality
20%
Hemingway's Whiskey Somewhere with You
20%
Here and Now We Do
20%
The Road and the Radio Who You'd Be Today
20%
Just Who I Am: Poets & Pirates Better as a Memory
17%
Cosmic Hallelujah Coach
17%
Songs for the Saints Gulf Moon
17%
The Big Revival If This Bus Could Talk
17%
No Shoes, No Shirt, No Problems Live Those Songs
17%
The Big Revival Wild Child
17%
Cosmic Hallelujah Winnebago
17%
Everywhere We Go You Had Me from Hello
17%
No Shoes, No Shirt, No Problems A Lot of Things Different
15%
The Big Revival Beer Can Chicken
15%
Welcome to the Fishbowl El Cerrito Place
15%
All I Need to Know Fall in Love
15%
Welcome to the Fishbowl Feel Like a Rock Star
15%
Here and Now Happy Does
15%
Lucky Old Sun I'm Alive
15%
Be as You Are Island Boy
15%
Songs for the Saints Island Rain
15%
All I Want for Christmas Is a Real Good Tan Jingle Bells
15%
Here and Now Knowing You
15%
No Shoes, No Shirt, No Problems Never Gonna Feel Like That Again
15%
When the Sun Goes Down Please Come to Boston
15%
When the Sun Goes Down Some People Change
15%
Here and Now Tip of My Tongue
15%
Hemingway's Whiskey Coastal
13%
Life on a Rock Coconut Tree
13%
Just Who I Am: Poets & Pirates Dancin' for the Groceries
13%
Songs for the Saints Ends of the Earth
13%
No Zip Code Everything's Gonna Be Alright
13%
Here and Now Heartbreakers
13%
Life on a Rock It's That Time of Day
13%
Hemingway's Whiskey Live a Little
13%
Songs for the Saints Love for Love City
13%
Lucky Old Sun Nowhere to Go, Nowhere to Be
13%
All I Want for Christmas Is a Real Good Tan Pretty Paper
13%
The Big Revival Rock Bottom
13%
Be as You Are Sherry's Living in Paradise
13%
All I Want for Christmas Is a Real Good Ta Silver Bells
13%
Hemingway's Whiskey Small Y'all
13%
Be as You Are Soul of a Sailor
13%
The Road and the Radio Tequila Loves Me
13%
Songs for the Saints Trying to Reason with Hurricane Season
13%
Lucky Old Sun Way Down Here
13%
Greatest Hits II Ain't Back Yet
11%
Here and Now Beautiful World
11%
Songs for the Saints Better Boat
11%
Lucky Old Sun Boats
11%
Here and Now Everyone She Knows
11%
Just Who I Am: Poets & Pirates Got a Little Crazy
11%
All I Want for Christmas Is a Real Good Tan I'll Be Home for Christmas
11%
Greatest Hits I Lost It
11%
Lucky Old Sun Key's in the Conch Shell
11%
Be as You Are Magic
11%
Life on a Rock Marley
11%
All I Want for Christmas Is a Real Good Tan O Little Town of Bethlehem
11%
No Shoes, No Shirt, No Problems One Step Up
11%
Songs for the Saints Pirate Song
11%
Cosmic Hallelujah Rich and Miserable
11%
Hemingway's Whiskey Round and Round
11%
Be as You Are Somewhere in the Sun
11%
Lucky Old Sun Ten with a Two
11%
All I Want for Christmas Is a Real Good Tan The Angel at the Top of My Tree
11%
Here and Now Wasted
11%
Songs for the Saints We're All Here
11%
Life on a Rock When I See This Bar
11%
All I Want for Christmas Is a Real Good Tan Christmas in Dixie
9%
No Shoes, No Shirt, No Problems Dreams
9%
The Big Revival Drink It Up
9%
Songs for the Saints Every Heart
9%
Reba: Duets Every Other Weekend
9%
The Road and the Radio Freedom
9%
Be as You Are French Kissing Life
9%
The Road and the Radio In a Small Town
9%
Cosmic Hallelujah Jesus and Elvis
9%
All I Want for Christmas Is a Real Good Tan Just a Kid
9%
Life on a Rock Lindy
9%
All I Want for Christmas Is a Real Good Tan Silent Night
9%
Welcome to the Fishbowl Sing 'Em Good My Friend
9%
Cosmic Hallelujah Some Town Somewhere
9%
Lucky Old Sun That Lucky Old Sun (Just Rolls Around Heaven All Day)
9%
Welcome to the Fishbowl Time Flies
9%
When the Sun Goes Down When I Think About Leaving
9%
Hemingway's Whiskey Where I Grew Up
9%
Just Who I Am: Poets & Pirates Wife and Kids
9%
The Road and the Radio You Save Me
9%
Country Christmas Classics Away in a Manger
7%
When the Sun Goes Down Being Drunk's a Lot Like Loving You
7%
The Road and the Radio Brandy (You're a Fine Girl)
7%
Cosmic Hallelujah Bucket
7%
The Road and the Radio Flip Flop Summer
7%
Life on a Rock Happy on the Hey Now (A Song for Kristi)
7%
Hemingway's Whiskey I Didn't Get Here Alone
7%
When the Sun Goes Down Outta Here
7%
Hemingway's Whiskey Seven Days
7%
Be as You Are Something Sexy About the Rain
7%
Everywhere We Go What I Need to Do
7%
Just Who I Am: Poets & Pirates Wild Ride
7%
Here and Now You Don't Get To
7%
In My Wildest Dreams Angel Loved the Devil
4%
Me and You Another Friday Night
4%
Everywhere We Go Baptism
4%
When the Sun Goes Down Come Monday
4%
Just Who I Am: Poets & Pirates Demons
4%
I Will Stand From Hillbilly Heaven to Honky Tonk Hell
4%
Welcome to the Fishbowl I'm a Small Town
4%
When the Sun Goes Down I'm on Fire
4%
No Shoes, No Shirt, No Problems I Remember
4%
Everywhere We Go Kiss Me, Kiss Me, Kiss Me
4%
The Road and the Radio Like Me
4%
Welcome to the Fishbowl Makes Me Wonder
4%
When the Sun Goes Down Marina del Rey
4%
All I Need to Know Someone Else's Hog
4%
Lucky Old Sun Spirit of a Storm
4%
Life on a Rock Spread the Love
4%
I Will Stand That's Why I'm Here
4%
Greatest Hits II This Is Our Moment
4%
In My Wildest Dreams Whatever It Takes
4%
I Will Stand | Me and You When I Close My Eyes
4%
Welcome to the Fishbowl While He Still Knows Who I Am
4%
I Will Stand A Chance
2%
Hemingway's Whiskey Ain't Ever Going Back Again
2%
Me and You Ain't That Love
2%
Welcome to the Fishbowl Always Gonna Be You
2%
Everywhere We Go A Woman Knows
2%
Me and You Back in My Arms Again
2%
Greatest Hits Because of Your Love
2%
All I Need to Know Between Midnight and Daylight
2%
Everywhere We Go California
2%
The Big Revival Don't It
2%
All I Need to Know Grandpa Told Me So
2%
In My Wildest Dreams High and Dry
2%
All I Need to Know Honey, Would You Stand by Me
2%
No Shoes, No Shirt, No Problems I Can't Go There
2%
In My Wildest Dreams I'd Love to Change Your Name
2%
In My Wildest Dreams I Finally Found Somebody
2%
Everywhere We Go I Might Get Over You
2%
Me and You It's Never Easy to Say Goodbye
2%
In My Wildest Dreams I Want My Rib Back
2%
Cosmic Hallelujah I Want to Know What Love Is
2%
Just Who I Am: Poets & Pirates Just Not Today
2%
Everywhere We Go Life Is Good
2%
I Will Stand Lonely, Needin' Lovin'
2%
I've Always Been Crazy: A Tribute to Waylon Jennings Luckenbach, Texas (Back to the Basics of Love)
2%
Life on a Rock Must Be Something I Missed
2%
Me and You My Poor Old Heart
2%
Me and You No Small Miracle
2%
All I Need to Know Paris, Tennessee
2%
Just Who I Am: Poets & Pirates Scare Me
2%
I Will Stand She Always Says It First
2%
I Will Stand She Gets That Way
2%
In My Wildest Dreams Somebody's Callin'
2%
The Road and the Radio Somebody Take Me Home
2%
Here and Now Someone to Fix
2%
I Will Stand Steamy Windows
2%
All I Want for Christmas Is a Real Good Tan Thank God for Kids
2%
All I Need to Know The Bigger the Fool (The Harder the Fall)
2%
Welcome to the Fishbowl To Get to You (55th and 3rd)
2%
Single Touchdown Tennessee
2%
Me and You Turn for the Worse
2%
Me and You (Turn Out the Light And) Love Me Tonight
2%
In My Wildest Dreams When She Calls Me Baby
2%
I Will Stand You Win, I Win, We Lose
2%
Single #3 Christmas in a Blue Chair Bay
0%
Live in No Shoes Nation Dust on the Bottle
0%
Greatest Hits For the First Time
0%
When the Sun Goes Down I Always Get Lucky with You
0%
The Road and the Radio In This Boat Alone
0%
When the Sun Goes Down I Wonder Do You Think of Me
0%
Live in No Shoes Nation Medley: The Joker / Three Little Birds
0%
The Road and the Radio Old Bird Dog
0%
Single #2 Team of Destiny
0%
No matching quizzes found
Score Distribution
Percent of People with Each Score
Percentile by Number Answered
Your Score History
You have not taken this quiz